Dynamics in Metropolitan Processes and Policies

Salvato in:
Dettagli Bibliografici
Natura: Libro
Lingua:inglese
Pubblicazione: Laxenburg International Institute for Applied Analysis 1986
Edizione:1. ed.
Tags: Aggiungi Tag
Nessun Tag, puoi essere il primo ad aggiungerne!!

MARC

LEADER 00000nam a2200000 4500
001 c033220
005 20221220071350.2
041 0 |a eng 
044 |a AT 
245 1 0 |a Dynamics in Metropolitan Processes and Policies 
250 |a 1. ed. 
264 1 |a Laxenburg  |b International Institute for Applied Analysis  |c 1986 
300 |a S. 116-251 
500 |a Separát z: Scandinavian Housing and Planning Research, 2 (3-4), 115-251 (1985)